| 000 | 00450nam a2200181Ia 4500 | ||
|---|---|---|---|
| 003 | OSt | ||
| 005 | 20221121152127.0 | ||
| 008 | 210210b1954 xxu||||| |||| 00| 0 eng d | ||
| 040 | _cAL | ||
| 041 | _aeng | ||
| 082 | _a425/136 | ||
| 100 |
_aHORNBY (A S) _962983 |
||
| 245 | _aGuide to patterns and usage in English | ||
| 260 |
_aLondon _bOxford University Press _c1954 |
||
| 690 |
_aEnglish Language _962984 |
||
| 906 | _a005912 | ||
| 942 |
_2ddc _cBK |
||
| 999 |
_c128929 _d128929 |
||